Quizzes
Events
Quiz Creation
Community
Videos
Private Events
Remove Ads
Sign In
Join for FREE
Feedback
Dark Mode
Quiz Categories
Sports
Geography
Music
Movies
Television
Just For Fun
Miscellaneous
History
Literature
Language
Science
Gaming
Entertainment
Religion
Holiday
For Kids
Quiz Lab
Recent
Popular Today
Quiz Kudos Today
Editor Picks
Curator Picks
Quizzes by...
Day
Popularity
Type
Ratings
Length
Year
Community
Subscriptions
Recent Discussions
Orange Saloon
Badges
Playlists
Quests
Create
Leaderboards
Showdown
Live 5
Trivia Bingo
Activity
Puzzle Library
Sporcle Events
Private Events
Virtual Trivia
Globe League
Become a Host
Pub Owners
SporcleCon
Opinionation
Our Games
Videos
Blog
Mobile Apps
Partnerships
Remove Ads and Go Orange
Feedback
Music
Pop Music
The Beatles
Song
Album
Lyrics
Bands
Singers
Artist
Clip
Rock
Rap
Classical
Billboard
Country Music
Kpop
Taylor Swift
Music
Pop Music
The Beatles
Song
Album
Lyrics
Bands
Singers
Artist
Clip
Rock
Rap
Classical
Billboard
Country Music
Kpop
Taylor Swift
Random Quiz
Search Sporcle
×
Quiz Lab
Quiz Lab
Music
Radiohead
Type in answers that appear in a list
Type in answers that appear in a list
Classic
Best Score? Go Orange.
Radiohead Discography (EVERY Song) Stats
Can you name the EVERY Radiohead Song?
By
Lupi
15m
193 Questions
724 Plays
724 Plays
724 Plays
Comments
Comments
Give Quiz Kudos
Give Quiz Kudos
-
- Ratings
hide this ad
More Info
Replay
Link that replays current quiz
Next Quiz
Link to next quiz in quiz playlist
You Got
0%
They Got
Avg Score
68%
Avg Friend Score
Upgrade to see
Score Distribution
Jump to the score distribution portion of the page
Score
0/193
Timer
15:00
0
Plays Today
Album
% Correct
Pablo Honey
Creep
95.4%
Creep
Creep
95.4%
My Iron Lung
Creep (Acoustic)
95.4%
Itch
Creep (Acoustic)
95.4%
The Bends
Fake Plastic Trees
92.7%
Fake Plastic Trees
Fake Plastic Trees
92.7%
OK Computer
Airbag
92.4%
OK Computer
Paranoid Android
92.4%
Airbag|
How Am I Driving?
Airbag
92.4%
The Bends
The Bends
92%
The Bends
Street Spirit (Fade Out)
91.9%
OK Computer
No Surprises
91.4%
No Surprises|
Running from Demons
No Surprises
91.4%
OK Computer
Karma Police
91.3%
The Bends
My Iron Lung
91%
My Iron Lung
My Iron Lung
91%
Street Spirit (Fade Out)
Street Spirit (Fade Out)
91%
The Bends
High and Dry
90.7%
High & Dry
High and Dry
90.7%
Kid A
Kid A
90.6%
Pablo Honey
You
90.3%
Drill
You (Demo)
90.3%
Itch
You (Live)
90.3%
The Bends
Just
89.9%
Pablo Honey
Anyone Can Play Guitar
89.4%
Amnesiac
Pyramid Song
89%
Pyramid Song
Pyramid Song
89%
Kid A
Everything in Its Right Place
88.5%
I Might Be Wrong: Live Recordings
Everything in Its Right Place
88.5%
Amnesiac
Knives Out
88.4%
Hail to the Thief
2+2=5 (The Lukewarm)
88.4%
COM LAG (2plus2isfive)
2+2=5 (Live at Earls Court)
88.4%
Knives Out
Knives Out
88.4%
OK Computer
Fitter Happier
88.3%
OK Computer
Exit Music (For a Film)
87.2%
In Rainbows
15 Step
87%
The Bends
Planet Telex
86.6%
High & Dry
Planet Telex (Hexidecimal Mix)
86.6%
High & Dry
Planet Telex
86.6%
Kid A
Idioteque
86.5%
I Might Be Wrong: Live Recordings
Idioteque
86.5%
In Rainbows
Weird Fishes/Arpeggi
86.2%
Amnesiac
Morning Bell/Amnesiac
85.8%
OK Computer
Subterranean Homesick Alien
85.6%
OK Computer
Lucky
85.6%
In Rainbows
Nude
85.5%
OK Computer
Electioneering
85.4%
Kid A
The National Anthem
85.4%
Kid A
How to Disappear Completely
85.4%
I Might Be Wrong: Live Recordings
The National Anthem
85.4%
OK Computer
The Tourist
85.1%
OK Computer
Climbing Up the Walls
84.8%
In Rainbows
Bodysnatchers
84.8%
In Rainbows
Videotape
84.8%
OK Computer
Let Down
84.4%
Kid A
Motion Picture Soundtrack
84.1%
In Rainbows
Jigsaw Falling into Place
83.8%
Kid A
Optimistic
83.6%
Kid A
Morning Bell
83.3%
In Rainbows
Reckoner
83.3%
I Might Be Wrong: Live Recordings
Morning Bell
83.3%
The Bends
Black Star
82.6%
Hail to the Thief
A Wolf at the Door (It Girl. Rag Doll)
82.3%
In Rainbows
House of Cards
82.3%
Hail to the Thief
There There (The Boney King of Nowhere)
81.9%
Album
% Correct
Hail to the Thief
Go to Sleep (Little Man Being Erased)
81.6%
Go To Sleep
Go To Sleep
81.6%
Kid A
Treefingers
81.4%
In Rainbows
All I Need
81.2%
Amnesiac
I Might Be Wrong
80.9%
I Might Be Wrong: Live Recordings
I Might Be Wrong
80.9%
The King of Limbs
Lotus Flower
80.2%
The Bends
Bullet Proof.. I Wish I Was
79.7%
The Bends
Bones
79.6%
The Bends
(Nice Dream)
79.6%
In Rainbows
Faust Arp
79%
Kid A
In Limbo
78.9%
The Bends
Sulk
78.6%
Amnesiac
Life in a Glass House
78%
Knives Out
Life In a Glass House
78%
Pablo Honey
BlowOut
77.6%
Amnesiac
Like Spinning Plates
77.3%
I Might Be Wrong: Live Recordings
Like Spinning Plates
77.3%
Hail to the Thief
Sail to the Moon (Brush the Cobwebs Out of the Sky)
76.8%
Pablo Honey
Vegetable
76.5%
Itch
Vegetable (Live)
76.5%
Amnesiac
You and Whose Army?
76.2%
The King of Limbs
Bloom
76.2%
The King of Limbs
Codex
75.3%
Amnesiac
Pulk/Pull Revolving Doors
75%
Hail to the Thief
Myxomatosis (Judge, Jury & Executioner)
74.7%
COM LAG (2plus2isfive)
Remyxomatosis (Cristian Vogel RMX)
74.7%
Amnesiac
Hunting Bears
74.6%
The King of Limbs
Morning Mr Magpie
74.4%
Pablo Honey
Lurgee
73.2%
Hail to the Thief
A Punchup at a Wedding (No No No No No No No No)
73.2%
Creep
Lurgee
73.2%
Amnesiac
Packt Like Sardines in a Crushd Tin Box
72.7%
The King of Limbs
Separator
72.7%
Pablo Honey
How Do You?
72.2%
Hail to the Thief
The Gloaming (Softly Open Our Mouths in the Cold)
72.1%
Hail to the Thief
I Will (No Man's Land)
72%
COM LAG (2plus2isfive)
I Will (Los Angeles Version)
72%
Hail to the Thief
Sit Down. Stand Up. (Snakes & Ladders)
71.7%
Amnesiac
Dollars and Cents
71.3%
I Might Be Wrong: Live Recordings
Dollars and Cents
71.3%
The King of Limbs
Give Up the Ghost
70.9%
Pablo Honey
Stop Whispering
69.6%
Itch
Stop Whispering (US Version)
69.6%
The King of Limbs
Feral
69.2%
Pablo Honey
Ripcord
68.5%
The King of Limbs
Little by Little
68.2%
Hail to the Thief
Backdrifts (Honeymoon is Over)
68.1%
Hail to the Thief
Scatterbrain (As Dead as Leaves)
67.5%
COM LAG (2plus2isfive)
Skttrbrain (Four Tet RMX)
67.5%
Hail to the Thief
We Suck Young Blood (Your Time Is Up)
67.1%
Pablo Honey
Thinking About You
66.9%
Drill
Thinking About You (Demo)
66.9%
Itch
Thinking About You (Drill Version)
66.9%
I Might Be Wrong: Live Recordings
True Love Waits
66.9%
Hail to the Thief
Where I End and You Begin (The Sky Is Falling In)
66.2%
Pablo Honey
I Can't
65.3%
Street Spirit (Fade Out)
Talk Show Host
64.9%
In Rainbows Bonus Disc
MK 2
64.5%
In Rainbows Bonus Disc
MK 1
64.2%
Pablo Honey
Prove Yourself
61%
Drill
Prove Yourself
61%
In Rainbows Bonus Disc
Bangers + Mash
59.3%
In Rainbows Bonus Disc
Last Flowers
58.6%
In Rainbows Bonus Disc
4 Minute Warning
57.2%
Album
% Correct
Itch
Killer Cars
56.4%
In Rainbows Bonus Disc
Down Is the New Up
54.6%
Knives Out
Fog
54.4%
Anyone Can Play Guitar
Pop is Dead
54.1%
No Surprises|
Running from Demons
Pearly*
53.3%
Airbag|
How Am I Driving?
Pearly*
53.3%
Airbag|
How Am I Driving?
Palo Alto
53.2%
Pyramid Song
The Amazing Sounds of Orgy
53%
Airbag|
How Am I Driving?
Polyethylene [Parts 1 & 2]
51.8%
In Rainbows Bonus Disc
Up on the Ladder
51.7%
No Surprises|
Running from Demons
Meeting in the Aisle
50.1%
Airbag|
How Am I Driving?
Meeting in the Aisle
50.1%
Drill
Stupid Car
49.3%
No Surprises|
Running from Demons
How I Made My Millions
49.3%
Tracks Released Without an Album
Lift
49.3%
Itch
Banana Co.
49%
Tracks Released Without an Album
The Daily Mail
49%
My Iron Lung
The Trickster
48.5%
In Rainbows Bonus Disc
Go Slowly
48.3%
Tracks Released Without an Album
Supercollider
47.9%
High & Dry
Maquiladora
47.9%
Anyone Can Play Guitar
Coke Babies
47.8%
Knives Out
Cuttooth
47.8%
No Surprises|
Running from Demons
Lull
47.7%
Tracks Released Without an Album
Staircase
47.2%
Tracks Released Without an Album
Harry Patch (In Memory Of)
47%
No Surprises|
Running from Demons
Melatonin
46.7%
Airbag|
How Am I Driving?
Melatonin
46.7%
Pyramid Song
Trans-Atlantic Drawl
46.4%
My Iron Lung
Lewis (Mistreated)
46%
Tracks Released Without an Album
The Butcher
46%
Pyramid Song
Kinetic
45.9%
No Surprises|
Running from Demons
Bishop's Robes
45.4%
My Iron Lung
Punchdrunk Lovesick Singalong
44.8%
Fake Plastic Trees
India Rubber
44.8%
COM LAG (2plus2isfive)
Paperbag Writer
44.1%
Itch
Faithless, The Wonder Boy
43.2%
My Iron Lung
You Never Wash Up After Yourself
42.8%
COM LAG (2plus2isfive)
I Am Citizen Insane
42.8%
Tracks Released Without an Album
These Are My Twisted Words
42.5%
COM LAG (2plus2isfive)
Where Bluebirds Fly
42.4%
Knives Out
Worrywort
41.7%
Street Spirit (Fade Out)
Molasses
41.3%
No Surprises|
Running from Demons
A Reminder
41%
Airbag|
How Am I Driving?
A Reminder
41%
Creep
Million Dollar Question
41%
My Iron Lung
Lozenge of Love
40.6%
COM LAG (2plus2isfive)
I Am a Wicked Child
40.5%
Go To Sleep
I Am a Wicked Child
40.5%
COM LAG (2plus2isfive)
Gagging Order
40.2%
Go To Sleep
Gagging Order
40.2%
COM LAG (2plus2isfive)
Fog (Again)
39.6%
Fake Plastic Trees
How Can You Be Sure?
39.1%
HELP: A Day In The Life
I Want None of This
38.8%
Creep
Inside My Head
38.7%
Tracks Released Without an Album
Big Boots
38.1%
My Iron Lung
Permanent Daylight
37%
Tracks Released Without an Album
Identikit
37%
Pyramid Song
Fast Track
36.2%
Creep
Yes I Am
34.7%
Tracks Released Without an Album
Follow Me Around
26.8%
Tracks Released Without an Album
Skirting on the Surface
24.7%
Tracks Released Without an Album
I Froze Up
18.5%
Quiz Playlist
Details
Report
Send in Message
Add To Playlist
More Info:
Let me know if you have any new songs or fixes to the quiz.
Classic:
Type in answers that appear in a list
Quiz Source
Last Updated: Feb 16, 2017
Quiz Scoreboard
CHALLENGE
Sign Up to Join the Scoreboard
Show All
Scores
Hide
Comments
May contain spoilers
Recently Published
An Introduction to Baseball
by treessimontrees
Sports
5m
Movies - When Are They Set?
by FPL_Elf
Movies
5m
Popular People in 1961
by mucciniale
History
6m
More to Explore
Quiz From the Vault
Featured Blog Post
Where Did the Easter Bunny Come From?
hide this ad
You Might Also Like...
Tags
Radiohead
Today's Top Quizzes in Music
Browse Music
hide this ad
Today's Top Quizzes in Radiohead
Browse Radiohead
Top Contributed Quizzes in Music
1
Taylor Swift All Songs (2024)
2
Guess the Artist- 70s Songs
3
One Thing in Common: Music
4
KPOP LOGIC QUIZ
5
2010s Album by Cover III
6
Taylor Swift Logic Puzzle
7
Guess the Taylor Swift song (Mystery Song)
8
7-to-1: Billboard Hot 100 #1 Hits of 2010s
9
2010s Album by Cover IV
10
2010s Album by Cover V
Explore More
Trending Topics
Harry Potter
Kpop
Crossword
Anime
NBA
Disney
Marvel
Puzzle
WWE
Pokémon
Soccer
NFL
Song
Country
The Office
hide this ad
More By:
Lupi
Quiz
Plays
Rating
Category
Featured
Created
Radiohead Discography (EVERY Song)
724
5.00
Music
Nov 2, 2011
Go to Creator's Profile
Score Distribution
Quiz Creator Spotlight
Lupi
Follow
Send a Message
Quizzes Created
-
Created Quiz Play Count
-
More By This Creator
Popular Quizzes Today
1
Find the Countries of Europe - No Outlines Minefield
2
Find the US States - No Outlines Minefield
3
The Countries of the World
4
Popular People in 1961
5
Find the US States
6
US States
7
1-10 Letter E Words III
8
Risky Map Clicking: Biggest States A-Z
More Music Quizzes
ENHYPEN or CRAVITY
Quiz Lab
Trending Quizzes
Risky Map Clicking: Least Populous States A-Z
1-10 Letter F Words
1-10 Letter G Words
Not Quite an Element Typing Challenge
One Thing in Common: United Kingdom
Recently Updated
Leaping Animals
pecheneg
Reality TV Shows (A-Z)
bhenderson79
Rickey Henderson's Hall of Fame Teammates
pecheneg
Champions League XIs: Arsenal
pecheneg
Quick Pick: Celebrities in WWE's Hall of Fame
aduchscher
A-Z Keypad Blitz II
pecheneg
Multiple Oscar Actors
pecheneg
Mystery Phrase Blitz: Oscar 'Best Actors'
pecheneg
F. Scott Fitzgerald Novels
LTH
Pick 3 Villains
ddd62291
Trending Topics
Harry Potter
Crossword
Kpop
Disney
Anime
NBA
Marvel
Pokémon
The Office
Soccer
Song
Country
NFL
Puzzle
WWE
Your Account Isn't Verified!
In order to create a playlist on Sporcle, you need to verify the email address you used during registration. Go to your
Sporcle Settings
to finish the process.
Report this User
Report this user for behavior that violates our
Community Guidelines
.
Details:
Send Report
Go to the Sporcle.com Mobile Site →
Comments